Money and banking.

Bibliographic Details
Corporate Author: Committee on Money and Banking
Format: Book
Language:English
Published: New York : Pitman, [1957]
Subjects:

MARC

Tag First Indicator Second Indicator Subfields
LEADER 00000cam a2200000 4500
001 in00000053812
005 20151008050902.0
008 760212s1957 nyu b 00000 engmb
010 |a  57004967  
035 |a (OCoLC)01986930 
035 |9 AAG4050AM 
040 |a DLC  |c SNN  |d SNN  |d TXA  |d UtOrBLW 
049 |a TXAM  |c [284369] 
050 0 |a HG221  |b .C73 
082 0 |a 332.082 
092 |a 332  |b C734m 
110 2 |a Committee on Money and Banking. 
245 1 0 |a Money and banking. 
264 1 |a New York :  |b Pitman,  |c [1957] 
300 |a xix, 588 pages :  |b illustrations ;  |c 24 cm. 
336 |a text  |b txt  |2 rdacontent 
337 |a unmediated  |b n  |2 rdamedia 
338 |a volume  |b nc  |2 rdacarrier 
504 |a Bibliographical footnotes. 
650 0 |a Money. 
650 0 |a Banks and banking. 
999 |a MARS 
999 f f |s 25abf5a7-4e51-369d-8dd7-f4f37ee4bbad  |i dd648aae-0e0f-3171-906e-061348f2152f  |t 0 
952 f f |p ric  |a Texas A&M University  |b Rellis Campus  |c Joint Library Facility  |d Remote Storage  |t 0  |e HG221 .C73  |h Library of Congress classification  |i unmediated -- volume  |m A14800726182 
998 f f |a HG221 .C73  |t 0  |l Remote Storage